| 000 | 01037nam a2200277 a 4500 | ||
|---|---|---|---|
| 001 | 000020212 | ||
| 005 | 20200929170321.0 | ||
| 008 | 100727s1972 sp r 001 0bspa d | ||
| 040 |
_aDO-SdBNP _bspa _cBNPHU |
||
| 082 |
_a843.8 _bS825v |
||
| 100 | 1 |
_aStendhal, _d1783-1842, _qMarie Henri Beyle _942811 |
|
| 245 | 1 | 0 |
_aVida de Napoleón : _bfragmentos / _cStendhal ; traducción Pedro Vances. |
| 250 | _a3a ed. | ||
| 260 |
_aMadrid : _bEspasa-Calpe, _c1972. |
||
| 300 |
_a205 p. ; _c18 cm. |
||
| 490 | 1 |
_aAustral. Anaranjada : biografías y vidas novelescas ; _v1152 |
|
| 500 | _aIncluye referencia biográfica del autor en la solapa. | ||
| 500 | _aIncluye índice de autores. | ||
| 504 | _aIncluye referencias bibligráficas y notas al pie de las páginas. | ||
| 600 | 1 | 0 |
_aNAPOLEÓN, BONAPARTE _y1769-1821 _942812 |
| 650 | 4 |
_aNovela francesa _91075 |
|
| 650 | 4 |
_aLiteratura francesa _91074 |
|
| 700 | 1 |
_aVances, Pedro, _etr. _942813 |
|
| 830 | 0 |
_aAustral. Anaranjada : biografías y vidas novelescas ; _v1152 _93058 |
|
| 049 | _aBNGR | ||
| 999 |
_c19718 _d19718 |
||